Datum a čas kvízu
28.5
Celkem bodů
Celkový počet nahraných bodů na tomto kvízu bez doplňovacích otázek.
2.
Pořadí na kvízu
Konečné umístění týmu na tomto kvízu.
Zaznamenané odpovědi
| # | Otázka | Odpověď | Body | Výsledky |
|---|---|---|---|---|
| 1. | Dne 7. října 1989, tedy ještě... | Ferdinand Vaněk | 1 | |
| 2. | Nobelovu cenu míru získal muž... | Etiopie, premiér | 1 | |
| 3. | Hudební svět přišel o další le... | Cream | 0 | |
| 4. | Provozovatelé pražských prodej... | Botas | 1 | |
| 5. | Jedna z německých fotbalových... | Bastian Schweinsteiger | 0 | |
| 6. | Téma o Brazílii zvítězilo ve f... | USA, Čína | 1 | |
| 7. | Pokud bychom chtěli v říjnu 20... | v Curychu | 0 | |
| 8. | Tento světově proslulý brazils... | Oscar Niemeyer | 0 | |
| 9. | Především venkovská brazilská... | maniok | 0 | |
| 10. | Co se týče slavných osobností,... | Adriana Lima | 0 |